LEADER 01035nam a2200181 i 4500 001 000000049123 003 CaOOAMICUS 005 20120629000000.0 008 120629s1911 xx u000 u lat u 013 $a20293 040 $aSeMil$bita 245 13$aDe Actibus Humanis, De Conscientia, De Legibus, De Vitiis atque Peccatis in genere et specie et De Virtutibus Theologicis. 300 $a316 p. 700 1 $aCozzi, Arturo.$0(OLS)http://semarc/name/24335 773 0 $aCozzi, Arthurus$tDisputationes Theologiae Moralis methodo positiva-scholastica-casuistica confectae, ex fontibus s. Thomae Aquinatis et s. Alphonsi M. De Ligorio et e probatis recentioribusque auctoribus desumptae.$dTaurini : Typographia Pontificia Eq. Petri Marietti, 1911-1913.$gVolumen1$w()26998 850 $aSeMil 852 $aSeMil$W1$xVenegono$y1$m2E II 3$j15278$B15278$CSeMilBibl$Z2$F15278 $81 996 $6245$aDe Actibus Humanis, De Conscientia, De Legibus, De Vitiis atque Peccatis in genere et specie et De Virtutibus Theologicis$9(OLS)http://semarc/title/74577 LEADER 01213nam a2200193 i 4500 001 000000216910 003 CaOOAMICUS 005 20121114000000.0 008 121114s1770 xx u000 u lat u 013 $a195806 026 $ae-in e.m- e-u- tupr (3) 1770 (R) 040 $aSeMil$bita 245 10$aTomi 1. Pars 2. 300 $aIV, 171, [1] p. 500 $aSegn. : pigreco2 A-X4 Y2. 773 0 $aAntoine, Paul-Gabriel $tTheologia moralis universa a.r.p. Paulo Gabriele Antoine, S.J., primum concinnata, dein notis & appendicibus ... amplificata a r. p. Philippo de Carboneano, demum a r. p. Bonaventura Staidel ... ad utiliorem parochorum et confessariorum usum, ... aucta ... accessionibus ... depromptis ex s. Thoma Aquin. & s. Bonaventura cardin., nec non ex ... Benedicto 14. & Clemente 13. Tomi 1. pars 1. [-Tomi 3. pars 2].$dVenetiis : Antonii Zatta, 1770.$bEditio postrema absolutissima in 6 tomos distributa, cui accedunt ... recentiores adnotationes ... nec non loca theologica ex Melchiore Cano desumpta.$g1$w()27659 850 $aSeMil 852 $aSeMil$W1$xVenegono$y1$m2E IV 27 FA$j167326$B167326$CSeMilBibl$Z2$F178118 $8I 996 $6245$aTomi 1. Pars 2$9(OLS)http://semarc/title/311788